| 000 | 00475nam a22001817a 4500 | ||
|---|---|---|---|
| 003 | CEME | ||
| 005 | 20210628201840.0 | ||
| 008 | 210208b xxu||||| |||| 00| 0 eng d | ||
| 020 | _a81-203-0417-9 | ||
| 040 | _c. | ||
| 082 | _a621.38153 MAN | ||
| 100 |
_aMano, M.Morris _936506 |
||
| 245 | _aDigital logic and computer design | ||
| 260 |
_aNEW DELHI _bPRENTICE HALL _c2004 |
||
| 300 | _aXII,612P | ||
| 650 |
_aDIGITAL LOGIC AND COMPUTER DESIGN _957088 |
||
| 942 |
_cBK _2ddc |
||
| 999 |
_c567391 _d567391 |
||